Wie gebraucht man Fremdwörter richtig? <Ein> Wörterbuch mit mehr als 30000 Anwendugsbeispielen

Enregistré dans:
Détails bibliographiques
Format: Livre
Langue:allemand
Publié: Mannheim Bibliographisches Institut 1970
Édition:1. Aufl.
Tags: Ajouter un tag
Pas de tags, Soyez le premier à ajouter un tag!

MARC

LEADER 00000nam a2200000 4500
001 c024230
005 20250717075322.5
041 0 |a ger 
044 |a DE 
245 1 0 |a Wie gebraucht man Fremdwörter richtig?  |b <Ein> Wörterbuch mit mehr als 30000 Anwendugsbeispielen  |c Karl-Heinz Ahlheim 
250 |a 1. Aufl. 
264 1 |a Mannheim  |b Bibliographisches Institut  |c 1970 
300 |a 368 s.